000
00297nam a22001337a 4500
008
180813b xxu||||| |||| 00| 0 eng d
041
_a
eng
080
_a
618
082
_a
618
100
_a
10
101
_a
GJIN
245
_a
Clinical Obstetrics and Gynecology
_c
Sabbagha,R.E
942
_2
udc
_c
BK
999
_c
47060
_d
47060